| 000 | 00424nam a2200157Ia 4500 | ||
|---|---|---|---|
| 008 | 231217s9999 xx 000 0 und d | ||
| 020 | _a8131404870 | ||
| 041 | _aEnglish | ||
| 082 | _a658.314 SAN;1 R | ||
| 100 | _aSangeetha, K. Chitra Mukunnan ed. | ||
| 245 | 0 | _aEmployee engagement : trends and cases | |
| 260 |
_c2006 _bIcfai _aHyderabad |
||
| 300 | _ax, 211 | ||
| 650 | _aEmployee,engagement,trends | ||
| 942 | _cAA | ||
| 999 |
_c188614 _d188614 |
||